Discurso y comunidad nacional en Nicaragua durante el siglo XIX. Estudio de las constituciones políticas de 1838, 1854, 1858 y 1893

Guardado en:
Bibliografiske detaljer
Hovedforfatter: Membreño Idiáquez, Marcos
Format: Texto
Udgivet: s.l.: s.e.
Tags: Tilføj Tag
Ingen Tags, Vær først til at tagge denne postø!

MARC

LEADER 00000 a a2200000 04500
001 22748
003
040
090 |a 156300  
100 |a Membreño Idiáquez, Marcos  
245 |a Discurso y comunidad nacional en Nicaragua durante el siglo XIX. Estudio de las constituciones políticas de 1838, 1854, 1858 y 1893  
260 |a s.l.:   |b s.e.  
300 |a 32 p.  
999 |c 8417  |d 8417